| 000 | 00598nam a2200169 a 4500 | ||
|---|---|---|---|
| 001 | 000049173 | ||
| 005 | 20201002061716.0 | ||
| 008 | 190725s1965 dr r 000 0 spa d | ||
| 040 |
_aDO-SdBNP _bspa _cBNPHU |
||
| 082 |
_axxxx _bC957s |
||
| 100 | 1 |
_aCruz Díaz, Manuel Ramón _976499 |
|
| 245 | 1 | 0 |
_aSupersticiones criminológicas y médicas : _bapuntes folklóricos / _cManuel Ramón Cruz Díaz. |
| 260 |
_aSanto Domingo : _bEditora del Caribe, _c1965. |
||
| 300 |
_a331 p. ; _c22 cm. |
||
| 504 | _aIncluye referencias bibliográficas y notas al pie de las páginas | ||
| 590 | _aInventariado, 2019/BT | ||
| 999 |
_c48661 _d48661 |
||